| 000 | 00763nam a2200205 u 4500 | ||
|---|---|---|---|
| 001 | 000329596 | ||
| 003 | AM-YeHGA | ||
| 005 | 20250617130733.0 | ||
| 008 | 040422s1991 ||| r 000 0 rus d | ||
| 020 | _a5798702847 | ||
| 040 | _aAM-YeHGA | ||
| 041 | 0 | _arus | |
| 100 | 1 | _aБровченко, Виталий Андреевич | |
| 245 | 1 | 0 |
_aВоспроизводство совокупного продукта и эффективность экономического роста / _cВ.А. Бровченко. |
| 260 |
_aКиев : _bИзд-во УСХА, _c1991. |
||
| 300 | _a184 с. | ||
| 653 | 0 | _aОбщественный продукт в СССР | |
| 653 | 0 | _aСоциалистическое воспроизводство | |
| 090 | _c124631 | ||
| 999 |
_c123277 _d123277 |
||